Mixed Word: Common Bond XCVIII Quiz Stats

 Plays Quiz Updated Mar 30, 2018

Challenge
Share
Tweet
Embed
Score 0/20 Timer 03:00
0 Plays Today
Scrambled Word Answer % Correct
POTTOP
99.9%
TEPPET
99.9%
XBOBOX
99.8%
LAPPAL
99.7%
ORTROT
99.6%
LOOPPOOL
98.4%
CJKAJACK
97.6%
ONTOTOON
96.7%
DALOLOAD
96.5%
CIKSSICK
96.5%
Scrambled Word Answer % Correct
DIESSIDE
95.3%
YWAAAWAY
94.5%
SAWHWASH
93.7%
EGOSGOES
91%
CKOSTSTOCK
88.6%
REFAFARE
86.5%
TFALFLAT
84.8%
CLUNEUNCLE
53.8%
ANOTINNATION
41.8%
Common Bond:CAR
38.3%

You're not logged in!

Compare scores with friends on all Sporcle quizzes.
OR
Log In

You Might Also Like...

Show Comments

Extras

Top Quizzes Today


Score Distribution

Your Account Isn't Verified!

In order to create a playlist on Sporcle, you need to verify the email address you used during registration. Go to your Sporcle Settings to finish the process.

Report this User

Report this user for behavior that violates our Community Guidelines.

Details: